| 000 | 00439nam a2200181Ia 4500 | ||
|---|---|---|---|
| 003 | GCL | ||
| 008 | 140319s9999 xx 000 0 eng d | ||
| 040 |
_aGCL / _cGCL |
||
| 082 | 0 | 4 |
_a953 _bQ A |
| 100 | 1 | _aOLIVER, ROLAND | |
| 245 | 1 | 0 |
_aA SHORT HISTORY OF AFRICA / _cOLIVER, ROLAND |
| 700 | 1 | _aPAG, J. D. | |
| 260 |
_a[S.N] : _bPENGUIM PRESS ، _c1962 |
||
| 300 | _a280 P | ||
| 650 | 0 | 4 | _aHISTORY |
| 650 | 0 | 4 | _aAFRICA |
| 942 |
_2ddc _cBK |
||
| 999 |
_c11081 _d11081 |
||